000 00572nam a2200205Ia 4500
001 10143
003 IVS
005 20250626030540.0
008 211022s9999 xx 000 0 und d
040 _cIVS
082 _a720 SYE
100 _aSyed Jauher Ali Nasir
245 0 _aArchitectural Security – The need for Invisible Security in Architecture
260 _aKarachi
260 _bIndus Valley School
260 _c2011
300 _a38
856 _uhttps://drive.google.com/file/d/1_7GUFi5EWhl4ZRniwmcK_rM2fi4wYOMZ/view?usp=sharing
942 _cDISS
_2ddc
_n0
999 _c10384
_d10384